<?xml version="1.0" encoding="UTF-8"?>
<record
    xmlns:xsi="http://www.w3.org/2001/XMLSchema-instance"
    xsi:schemaLocation="http://www.loc.gov/MARC21/slim http://www.loc.gov/standards/marcxml/schema/MARC21slim.xsd"
    xmlns="http://www.loc.gov/MARC21/slim">

  <leader>01507cam a2200385 a 4500</leader>
  <datafield tag="952" ind1=" " ind2=" ">
    <subfield code="0">0</subfield>
    <subfield code="1">0</subfield>
    <subfield code="2">ddc</subfield>
    <subfield code="4">0</subfield>
    <subfield code="7">0</subfield>
    <subfield code="8">KCHR</subfield>
    <subfield code="a">MES</subfield>
    <subfield code="b">MES</subfield>
    <subfield code="c">GEN</subfield>
    <subfield code="d">2022-08-26</subfield>
    <subfield code="g">300.00</subfield>
    <subfield code="l">3</subfield>
    <subfield code="m">4</subfield>
    <subfield code="o">954.83 INN/M</subfield>
    <subfield code="p">41525</subfield>
    <subfield code="q">2026-06-05</subfield>
    <subfield code="r">2026-04-24 13:56:57</subfield>
    <subfield code="s">2026-04-24</subfield>
    <subfield code="t">2</subfield>
    <subfield code="w">2022-08-26</subfield>
    <subfield code="y">BK</subfield>
    <subfield code="z">GL35R2</subfield>
  </datafield>
  <datafield tag="952" ind1=" " ind2=" ">
    <subfield code="0">0</subfield>
    <subfield code="1">0</subfield>
    <subfield code="2">ddc</subfield>
    <subfield code="4">0</subfield>
    <subfield code="7">0</subfield>
    <subfield code="8">KCHR</subfield>
    <subfield code="a">MES</subfield>
    <subfield code="b">MES</subfield>
    <subfield code="c">GEN</subfield>
    <subfield code="d">2022-08-26</subfield>
    <subfield code="g">300.00</subfield>
    <subfield code="l">7</subfield>
    <subfield code="m">11</subfield>
    <subfield code="o">954.83 INN/M</subfield>
    <subfield code="p">41524</subfield>
    <subfield code="r">2026-04-13 10:12:34</subfield>
    <subfield code="s">2026-04-01</subfield>
    <subfield code="t">1</subfield>
    <subfield code="w">2022-08-26</subfield>
    <subfield code="y">BK</subfield>
    <subfield code="z">GL35R2</subfield>
  </datafield>
  <datafield tag="999" ind1=" " ind2=" ">
    <subfield code="c">41502</subfield>
    <subfield code="d">41502</subfield>
  </datafield>
  <controlfield tag="001">13018920</controlfield>
  <controlfield tag="003">OSt</controlfield>
  <controlfield tag="005">20220826154452.0</controlfield>
  <controlfield tag="008">020828r19971908ii b     b    001 0 eng  </controlfield>
  <datafield tag="010" ind1=" " ind2=" ">
    <subfield code="a">  2002291047</subfield>
  </datafield>
  <datafield tag="020" ind1=" " ind2=" ">
    <subfield code="z">8188499292</subfield>
  </datafield>
  <datafield tag="025" ind1=" " ind2=" ">
    <subfield code="a">I-E-2002-291047; 65-24</subfield>
  </datafield>
  <datafield tag="035" ind1=" " ind2=" ">
    <subfield code="a">(DLC)  2002291047</subfield>
  </datafield>
  <datafield tag="037" ind1=" " ind2=" ">
    <subfield code="b">Library of Congress -- New Delhi Overseas Office</subfield>
    <subfield code="c">Rs300.00</subfield>
  </datafield>
  <datafield tag="040" ind1=" " ind2=" ">
    <subfield code="a">DLC</subfield>
    <subfield code="c">DLC</subfield>
  </datafield>
  <datafield tag="042" ind1=" " ind2=" ">
    <subfield code="a">lcode</subfield>
  </datafield>
  <datafield tag="043" ind1=" " ind2=" ">
    <subfield code="a">a-ii---</subfield>
  </datafield>
  <datafield tag="050" ind1="0" ind2="0">
    <subfield code="a">DS485.M35</subfield>
    <subfield code="b">I56 1997</subfield>
  </datafield>
  <datafield tag="082" ind1=" " ind2=" ">
    <subfield code="a">954.83</subfield>
    <subfield code="b">INN/M</subfield>
  </datafield>
  <datafield tag="100" ind1="1" ind2=" ">
    <subfield code="a">Innes, C. A.</subfield>
    <subfield code="q">(Charles Alexander),</subfield>
    <subfield code="d">1874-1959</subfield>
    <subfield code="9">3294</subfield>
  </datafield>
  <datafield tag="245" ind1="1" ind2="0">
    <subfield code="a">Malabar gazetteer /</subfield>
    <subfield code="c">by C.A. Innes ; edited by F.B. Evans.</subfield>
  </datafield>
  <datafield tag="260" ind1=" " ind2=" ">
    <subfield code="a">Thiruvananthapuram :</subfield>
    <subfield code="b">Kerala Gazetteers :</subfield>
    <subfield code="b">[Distributors] Kerala Council for Historical Research,</subfield>
    <subfield code="c">1997.</subfield>
  </datafield>
  <datafield tag="300" ind1=" " ind2=" ">
    <subfield code="a">2 v. in 1. :</subfield>
    <subfield code="b">1 folded map ;</subfield>
    <subfield code="c">25 cm.</subfield>
  </datafield>
  <datafield tag="500" ind1=" " ind2=" ">
    <subfield code="a">"Comprehensive and authoritative gazetteer on the districts of Malabar and Anjengo"--foreword.</subfield>
  </datafield>
  <datafield tag="500" ind1=" " ind2=" ">
    <subfield code="a">Distributor statement stamped on t.p.</subfield>
  </datafield>
  <datafield tag="500" ind1=" " ind2=" ">
    <subfield code="a">Originally published: Madras : Superintendent, Govt. Press, 1908.</subfield>
  </datafield>
  <datafield tag="504" ind1=" " ind2=" ">
    <subfield code="a">Includes bibliographical references and index.</subfield>
  </datafield>
  <datafield tag="651" ind1=" " ind2="0">
    <subfield code="a">Malabar (India)</subfield>
    <subfield code="v">Gazetteers.</subfield>
  </datafield>
  <datafield tag="651" ind1=" " ind2="0">
    <subfield code="a">Anjengo (India)</subfield>
    <subfield code="v">Gazetteers.</subfield>
  </datafield>
  <datafield tag="700" ind1="1" ind2=" ">
    <subfield code="a">Evans, F. B.</subfield>
    <subfield code="9">9078</subfield>
  </datafield>
  <datafield tag="710" ind1="1" ind2=" ">
    <subfield code="a">Kerala (India).</subfield>
    <subfield code="b">Gazetteers Department</subfield>
    <subfield code="9">9076</subfield>
  </datafield>
  <datafield tag="906" ind1=" " ind2=" ">
    <subfield code="a">7</subfield>
    <subfield code="b">cbc</subfield>
    <subfield code="c">origode</subfield>
    <subfield code="d">3</subfield>
    <subfield code="e">ncip</subfield>
    <subfield code="f">20</subfield>
    <subfield code="g">y-gencatlg</subfield>
  </datafield>
  <datafield tag="942" ind1=" " ind2=" ">
    <subfield code="2">ddc</subfield>
    <subfield code="c">REF</subfield>
    <subfield code="h">954.83</subfield>
    <subfield code="i">INN/M</subfield>
    <subfield code="k">954.83</subfield>
    <subfield code="m">INN/M</subfield>
  </datafield>
</record>
